| 000 | 00401nam a22001577a 4500 | ||
|---|---|---|---|
| 005 | 20230119102331.0 | ||
| 008 | 190427b xxu||||| |||| 00| 0 eng d | ||
| 020 | _a978-93-87397-79-8 | ||
| 041 | _aeng | ||
| 100 |
_aPRASAD, DR. MAHESH _94945 |
||
| 245 | _aHUMAN ANATOMY AND PHYSIOLOGY - II | ||
| 260 |
_aPUNE _bNIRALI PRAKASHAN |
||
| 300 | _a1.2p, | ||
| 650 |
_aPHARMACY _xB.PHARMA _97083 |
||
| 942 | _cBK | ||
| 999 |
_c5824 _d5822 |
||